[Event "HCL-B3734"]
[Site "www.playchess.de"]
[Date "2006.03.03"]
[Round "19"]
[White "dc"]
[Black "Bense"]
[WhiteElo "919"]
[BlackElo "1061"]
[PlyCount "118"]
[Result "0-1"]

1.e4 {:-)}  e5 2.d4 d6 3.d5 Nf6 4.Nc3 c6 5.Bc4 g6 
6.Be3 Ng4 7.Qe2 c5 8.h3 Nf6 9.Nf3 Qa5 10.O-O a6 
11.a3 b5 12.b4 cxb4 13.axb4 Qd8 14.Bxb5+ Nfd7 
15.Bxd7+ Qxd7 16.b5 Bb7 17.Rad1 a5 18.Bb6 Qe7 
19.Be3 a4 20.Bg5 f6 21.Be3 a3 22.b6 Ba6 23.Nb5 Qd7 
24.c4 g5 25.Nxa3 Qa4 26.Nb5 Bxb5 27.cxb5 Ra5 
28.Rda1 Qxb5 29.Qc2 Rxa1 30.Nd2 Rxf1+ 31.Nxf1 Bh6 
32.g4 O-O 33.Qc7 Na6 34.Qxd6 Bg7 35.Ng3 Rf7 36.Nf5 
Bf8 37.Qe6 Nc5 38.Nd6 {(offering draw)}  Bxd6 
39.Qxd6 Nxe4 40.Qe6 Qb1+ 41.Kg2 Kg7 42.d6 Qd1 
43.h4 gxh4 44.g5 fxg5 45.Qxe5+ Nf6 46.Bxg5 Qd5+ 
47.Qxd5 Nxd5 48.f4 Nxb6 49.Kh3 Rd7 50.f5 Rxd6 
51.Kxh4 Nd5 52.Bc1 Kf6 53.Kg4 Rb6 54.Bg5+ Kg7 
55.Kf3 Kf7 56.Ke4 Rb5 57.Kd4 h5 58.Kc4 Ra5 59.Bd2 
Nb6+ 0-1

[Event "HCL-B3734"]
[Site "www.playchess.de"]
[Date "2006.03.03"]
[Round "5"]
[White "dc"]
[Black "adamant"]
[WhiteElo "919"]
[BlackElo "1251"]
[PlyCount "94"]
[Result "0-1"]

1.e4 {:-)}  e5 2.d4 exd4 3.e5 Nc6 4.Nf3 Bc5 5.Bc4 
h6 6.a3 a6 7.Bf4 Nge7 8.Nbd2 O-O 9.Ne4 Ba7 10.Nh4 
Re8 11.Qg4 Ng6 12.Qxg6 Nxe5 13.Bxe5 Rxe5 14.Qxf7+ 
Kh7 15.Ng6 Rxe4+ 16.Be2 d6 17.Nf8+ Kh8 18.f3 Re8 
19.Ng6+ Kh7 20.Nf4 Re7 21.Qg6+ Kg8 22.O-O d3+ 
23.Kh1 dxe2 24.Rfe1 Bd4 25.Rxe2 Rxe2 26.Nxe2 Bxb2 
27.Rf1 Bxa3 28.Ng3 Bd7 29.Nh5 Qf8 30.Ra1 Bb2 
31.Rf1 Re8 32.h3 Re6 33.Qg3 Bb5 34.Re1 Rxe1+ 
35.Qxe1 Bd4 36.Qg3 Qe8 37.Qg4 Bc3 38.f4 Qe1+ 
39.Kh2 Bf1 40.Qc8+ Kh7 41.Qxb7 Qe2 42.Ng3 Qf2 
43.Nxf1 Qxf1 44.Qe4+ g6 45.Qe7+ Bg7 46.Qxc7 Qxf4+ 
47.Kg1 h5 0-1

[Event "HCL-T256"]
[Site "www.playchess.de"]
[Date "2006.03.03"]
[Round "9"]
[White "luciano59"]
[Black "stevetilbury"]
[WhiteElo "2261"]
[BlackElo "1608"]
[PlyCount "59"]
[Result "1-0"]

1.e4 e5 2.f4 d5 3.exd5 exf4 4.Nf3 Nf6 5.Nc3 Nxd5 
6.Nxd5 Qxd5 7.d4 Bd6 8.Be2 O-O 9.O-O c6 10.c4 Qf5 
11.Bd3 Qh5 12.c5 Bc7 13.Qb3 a5 14.Bd2 a4 15.Qb4 
Nd7 16.Rae1 Nf6 17.Bc4 Ba5 18.Qxa4 Bxd2 19.Qxa8 
Bxe1 20.Rxe1 Be6 21.Qa4 Bd5 22.Bxd5 Nxd5 23.b4 Ne3 
24.Qb3 Qg4 25.Re2 h5 26.b5 h4 27.bxc6 bxc6 28.h3 
Qg3 29.Ne5 Nf5 30.Nxc6 1-0

[Event "HCL-A2612"]
[Site "www.playchess.de"]
[Date "2006.03.03"]
[Round "1"]
[White "bossjos"]
[Black "victorabiodun03"]
[WhiteElo "1264"]
[BlackElo "1534"]
[PlyCount "35"]
[Result "1/2-1/2"]

1.e4 e6 2.d4 d5 3.exd5 exd5 4.Bd3 Nf6 5.Ne2 Bd6 
6.Nbc3 O-O 7.O-O h6 8.Be3 c6 9.Qd2 Ng4 10.Ng3 Nxe3 
11.Qxe3 Nd7 12.Rae1 Nf6 13.h3 Qc7 14.Qd2 Bxg3 
15.fxg3 Be6 16.Rxf6 gxf6 17.Qxh6 f5 18.Qg5+ 
{(offering draw)}  1/2-1/2

[Event "HCL-E1536"]
[Site "www.playchess.de"]
[Date "2006.03.03"]
[Round "7"]
[White "wurmt"]
[Black "kendo"]
[WhiteElo "1506"]
[BlackElo "1616"]
[PlyCount "39"]
[Result "1-0"]

1.e4 {Happy New Year!}  e6 {season greatings!}  
2.d4 d5 3.Nc3 Bb4 4.e5 Nd7 5.a3 Bxc3+ 6.bxc3 Ne7 
7.Bg5 h6 8.Bh4 g5 9.Bg3 Nb6 10.Bd3 Nc4 11.Qe2 c6 
12.Bxc4 dxc4 13.Qxc4 Nd5 14.Nf3 Qa5 15.Kd2 Bd7 
16.Rhb1 Qc7 17.a4 O-O 18.h4 g4 19.Ne1 f5 
20.exf6 1-0

[Event "ACL-E212"]
[Site "www.playchess.de"]
[Date "2006.03.04"]
[Round "3"]
[White "WKU_Topper"]
[Black "wolter"]
[WhiteElo "1819"]
[BlackElo "1994"]
[PlyCount "80"]
[Result "1/2-1/2"]

1.e4 {Hello and good luck!}  e6 {Hello 
chessfriend, I wish you good luck and hope for an 
exiting game!
Greetings, wolter
}  2.d4 d5 3.e5 c5 4.c3 Nc6 5.Nf3 Qb6 6.Be2 Bd7 
7.O-O O-O-O 8.dxc5 Bxc5 9.b4 Bf8 10.Na3 Qc7 11.Nb5 
Qb8 12.Bf4 f6 13.Nd6+ Bxd6 14.exd6 g5 {I wish you 
a good Christmas and great 2006!}  15.Bg3 h5 16.b5 
Na5 17.h4 g4 18.Nh2 b6 19.c4 Kb7 20.c5 bxc5 21.Qa4 
Nc4 22.Bxc4 dxc4 23.Qxc4 Ka8 24.a4 Nh6 25.Qxc5 Nf5 
26.Ra3 Rdc8 27.Qb4 e5 28.Rd1 Be6 29.d7 Rc4 30.Qe1 
Rd8 31.Nf1 Rxd7 32.Rxd7 Bxd7 33.Nd2 Rd4 34.Ne4 Qd8 
35.Ra1 Be8 36.Kh2 Bf7 37.Rc1 Bc4 38.Kh1 Bd5 39.Nc5 
Nd6 40.Kg1 Bf7 {(offering draw)} 
 1/2-1/2

[Event "HCL-A2577"]
[Site "www.playchess.de"]
[Date "2006.03.04"]
[Round "8"]
[White "Crusaders"]
[Black "ranzpens"]
[WhiteElo "1781"]
[BlackElo "1800"]
[PlyCount "57"]
[Result "1-0"]

1.e4 c5 2.Nc3 d6 3.f4 Nc6 4.Nf3 Nf6 5.Bc4 e6 6.d3 
Be7 7.O-O a6 8.a3 O-O 9.Bd2 b5 10.Bb3 Rb8 11.e5 
dxe5 12.Nxe5 Bb7 13.Nxc6 Bxc6 14.Qe2 g6 15.Bxe6 b4 
16.Nd1 bxa3 17.bxa3 Ba4 18.Bc4 Bxc2 19.f5 Re8 
20.Ne3 Qd4 21.Rac1 Rb2 22.fxg6 hxg6 23.Qe1 Ng4 
24.Bxf7+ Kh7 25.Bxe8 Bxd3 26.Rf7+ Kg8 27.Rxe7 Be4 
28.Qf1 Bf5 29.Qc4+ 1-0

[Event "HCL-B3885"]
[Site "www.playchess.de"]
[Date "2006.03.04"]
[Round "2"]
[White "newplayer"]
[Black "GMO"]
[WhiteElo "1043"]
[BlackElo "1342"]
[PlyCount "52"]
[Result "0-1"]

1.h4 e5 2.h5 h6 3.Nf3 e4 4.Nd4 c5 5.Nb3 c4 6.Nd4 
Bc5 7.Nf5 Qf6 8.g4 d5 9.Nc3 Ne7 10.e3 Bxf5 11.gxf5 
Qxf5 12.a3 O-O 13.Na4 Bd6 14.d3 b5 15.Nc3 a6 16.a4 
b4 17.Ne2 exd3 18.cxd3 cxd3 19.Nf4 Bxf4 20.Bxd3 
Qe6 21.O-O Bg5 22.f4 Bf6 23.Bc2 Nbc6 24.Bb3 Rfd8 
25.Qd3 Qg4+ 26.Kf2 Bh4+ 0-1

[Event "HCL-A2505"]
[Site "www.playchess.de"]
[Date "2006.03.04"]
[Round "28"]
[White "jjn2"]
[Black "Marius_sah"]
[WhiteElo "1741"]
[BlackElo "1406"]
[PlyCount "71"]
[Result "1-0"]

1.d4 d5 {Hi. Good luck!}  2.c4 e6 3.Nc3 {Hi, 
likewise!}  Nf6 4.Bg5 Nbd7 5.e3 c6 6.Bd3 Be7 7.Nf3 
O-O 8.O-O Re8 9.Qc2 h6 10.Bf4 dxc4 11.Bxc4 Nh5 
12.Be5 Nxe5 13.dxe5 g6 14.Ne4 Ng7 15.Qd3 Qxd3 
16.Bxd3 Rd8 17.Rfd1 Nf5 18.Rac1 Bd7 19.Nf6+ Bxf6 
20.exf6 b6 21.g4 Nd6 22.Bxg6 fxg6 23.Rxd6 Be8 
24.Rxd8 Rxd8 25.Ne5 c5 26.b4 Rd5 27.f4 Ba4 28.Rc3 
Kf8 29.Ra3 b5 30.bxc5 g5 31.c6 Rd1+ 32.Kf2 Rd2+ 
33.Ke1 Rd1+ 34.Ke2 Rc1 35.Rd3 Ke8 
36.f7+ 1-0

[Event "HCL-A2543"]
[Site "www.playchess.de"]
[Date "2006.03.04"]
[Round "14"]
[White "Marius_sah"]
[Black "Wernswig"]
[WhiteElo "1501"]
[BlackElo "1423"]
[PlyCount "67"]
[Result "1-0"]

1.e4 {Hi. Good luck!}  e5 {hi, good luck to you 
too}  2.Nf3 Nf6 3.Nxe5 Qe7 4.d4 d6 5.Nf3 Nxe4 
6.Be2 Qd8 7.O-O Be7 8.Re1 O-O 9.Bd3 Nf6 10.h3 Be6 
11.Nc3 Nbd7 12.Bg5 Ne8 13.Bxe7 Qxe7 14.d5 Qf6 
15.dxe6 fxe6 16.Qe2 e5 17.Qe4 g6 18.Qxb7 Rb8 
19.Qd5+ Kh8 20.b3 Nc5 21.Ne4 Nxe4 22.Bxe4 Ng7 
23.c4 Ne6 24.Rab1 Nd4 25.Nxd4 Qxf2+ 26.Kh1 exd4 
27.Rbd1 Qxa2 28.Qxd4+ Kg8 29.Bd5+ Rf7 30.Re7 Rbf8 
31.Rf1 Qxb3 32.Rexf7 Rxf7 33.Rxf7 Qb1+ 
34.Rf1+ 1-0

[Event "HCL-C3985"]
[Site "www.playchess.de"]
[Date "2006.03.04"]
[Round "33"]
[White "Regicide"]
[Black "Roger_K"]
[WhiteElo "958"]
[BlackElo "1132"]
[PlyCount "66"]
[Result "0-1"]

1.e4 {Hello, and I hope you enjoy the game}  e5 
{Thank you and the same to you}  2.Nf3 Nc6 3.c3 
Bc5 4.Bc4 d6 5.d3 Bg4 6.h3 Bh5 7.g4 Bg6 8.Ng5 f6 
9.Ne6 Qe7 10.b4 Bb6 11.a4 a5 12.b5 Nd8 13.g5 f5 
14.exf5 Bxf5 15.Nxg7+ Qxg7 16.h4 c6 17.Ba3 Qd7 
18.Qh5+ Bg6 19.Qe2 Qf5 20.f3 d5 21.Bb3 Bc7 22.Bc1 
Qxd3 23.Qxd3 Bxd3 24.Be3 e4 25.Bd4 Bg3+ 26.Kd1 
exf3 27.Bxh8 f2 28.Nd2 Ne6 29.Bd4 Nxd4 30.cxd4 
O-O-O 31.Rc1 Re8 32.bxc6 Re1+ 33.Rxe1 
fxe1Q+ 0-1

[Event "HCL-M896"]
[Site "www.playchess.de"]
[Date "2006.03.04"]
[Round "3"]
[White "anne_t"]
[Black "Emerson"]
[WhiteElo "1980"]
[BlackElo "1802"]
[PlyCount "39"]
[Result "1-0"]

1.e4 {Have a great match}  e5 {merci
:-))}  2.Nf3 Qe7 3.Nc3 c6 4.d4 d6 5.a4 Bg4 6.Be2 
Nf6 7.O-O h6 8.Be3 g5 9.Nd2 Bxe2 10.Qxe2 Bg7 
11.dxe5 dxe5 12.Rad1 O-O 13.Nc4 Nbd7 14.Nd6 b6 
15.h4 gxh4 16.Nf5 Qb4 {it´s your great match...}  
17.Rxd7 {I am very satisfied but please do not be 
dissapointed. you areplaying vs a  Fide titled 
female :>)}  Qxb2 {oh yes, I see... I think thats 
my last move!?}  18.Rd3 {that is all up to you my 
chessfriend. I am trying to struggle you harder in 
this game :>)}  Kh7 {struggling on... 

in despair...
:-((}  19.Rb1 {i can hear the noice you making 
right now from fear! LOL  j/k}  Qa3 
20.Rb3 1-0

[Event "HCL-E1535"]
[Site "www.playchess.de"]
[Date "2006.03.04"]
[Round "8"]
[White "Emerson"]
[Black "temple"]
[WhiteElo "1792"]
[BlackElo "1727"]
[PlyCount "114"]
[Result "0-1"]

1.e4 {welcome and greetings from germany to 
canada!
Norbert}  e5 {Hello again.}  2.Qe2 Nf6 3.Nf3 Nc6 
4.c3 d6 5.h3 Be7 6.d3 O-O 7.g4 Nd7 8.Bg2 b6 9.Nbd2 
Ba6 10.a4 Nc5 11.Nc4 Nb3 12.Rb1 Bxc4 13.dxc4 Qd7 
14.O-O Nca5 15.Rd1 Qxa4 16.Bf1 Qc6 17.Rd5 Qd7 
18.Nxe5 Qe6 19.Nf3 Bf6 20.Bg5 Rae8 21.Re1 c6 
22.Rdd1 Re7 23.Bf4 Be5 24.Nxe5 dxe5 25.Be3 Rd7 
26.Rxd7 Qxd7 27.Rd1 Qe6 28.Qc2 f6 29.c5 bxc5 
30.Bxc5 Nxc5 31.b4 Nab7 32.bxc5 Nxc5 33.Ra1 Ra8 
34.Ra5 Nb7 35.Ra4 Kf8 36.Bc4 Qd7 37.Ra1 Nd6 38.Rd1 
Qe7 39.Ba2 Rb8 40.Qd3 Rd8 41.Rb1 g6 42.Qa6 Qc7 
43.f3 Nb5 44.Rxb5 cxb5 45.Qxf6+ Ke8 46.Bd5 Qb6+ 
47.Qxb6 axb6 48.Bc6+ Ke7 49.Bxb5 Rd2 50.h4 h6 
51.Ba6 g5 52.hxg5 hxg5 53.Kf1 Kd6 54.Ke1 Rc2 
55.Bd3 Rxc3 56.Kd2 Ra3 57.Be2 {I think it will be 
over soon  :>((}  Kc5 {I agree} 
 0-1

[Event "HCL-M882"]
[Site "www.playchess.de"]
[Date "2006.03.04"]
[Round "5"]
[White "Zynaps"]
[Black "nikk"]
[WhiteElo "1926"]
[BlackElo "1856"]
[PlyCount "39"]
[Result "1-0"]

1.e4 {Hi from Southend-on-Sea. I hope we have an 
interesting game.}  e6 {Hi, greetings from 
Sweden!}  2.d4 d5 3.Nd2 Nf6 4.e5 Nfd7 5.Bd3 c5 
6.c3 cxd4 7.cxd4 Nc6 8.Ngf3 Qb6 9.O-O h6 10.Nb3 
Be7 11.Bd2 O-O 12.Rc1 Nb4 13.Bb1 a5 14.a3 Nc6 
15.Qc2 f5 16.exf6 Rxf6 17.Ne5 Ndxe5 18.dxe5 Rf5 
19.Be3 d4 20.Nxd4 1-0

[Event "HCL-A2629"]
[Site "www.playchess.de"]
[Date "2006.03.04"]
[Round "21"]
[White "hal1958"]
[Black "BohdanL"]
[WhiteElo "1410"]
[BlackElo "1517"]
[PlyCount "70"]
[Result "0-1"]

1.b4 {have a nice game}  e5 {thanks, same to you}  
2.Bb2 Bxb4 3.Bxe5 Nf6 4.e3 d5 5.Nf3 O-O 6.c4 Nc6 
7.Bb2 Bf5 8.cxd5 Qxd5 9.Bxf6 gxf6 10.Be2 Rad8 
11.O-O Bxb1 12.Rxb1 Qxa2 13.d4 a5 14.Bb5 Qd5 
15.Bxc6 Qxc6 16.Qb3 Qd5 17.Rfc1 Qxb3 18.Rxb3 c6 
19.Kf1 Rfe8 20.Ne1 Bxe1 21.Rxe1 b5 22.Rc1 a4 
23.Ra3 Rd6 24.Ke2 Ra8 25.Rb1 f5 26.Kf3 Kg7 27.Kf4 
Kg6 28.h3 h5 29.f3 Rd5 30.Rc3 Ra6 31.Rc5 a3 
32.Rxd5 cxd5 33.Ke5 a2 34.Ra1 b4 35.Kxd5 
b3 0-1

[Event "HCL-T267"]
[Site "www.playchess.de"]
[Date "2006.03.04"]
[Round "4"]
[White "pruliere"]
[Black "hal1958"]
[WhiteElo "1830"]
[BlackElo "1416"]
[PlyCount "57"]
[Result "1-0"]

1.e4 e5 2.Nf3 Nc6 3.Bc4 Nf6 4.Ng5 Bc5 5.Nxf7 Bxf2+ 
{welcome to our game}  6.Kf1 {yes..;enjoy}  Qe7 
7.Nxh8 d5 8.exd5 Nd4 9.d6 Qxd6 10.Nf7 Qc5 11.d3 e4 
12.c3 Bg4 13.cxd4 Qxd4 14.Qa4+ c6 15.Bb3 exd3 
16.Qxd4 Bxd4 17.Nc3 b5 18.Ng5 h6 19.Ne6 Bxe6 
20.Bxe6 Rd8 21.Bd2 a6 22.Re1 Kf8 23.b3 Bxc3 
24.Bxc3 d2 25.Rd1 Ne4 26.Bb4+ c5 27.Bf5 cxb4 
28.Bxe4 a5 29.Bc6 1-0

[Event "HCL-E1581"]
[Site "www.playchess.de"]
[Date "2006.03.04"]
[Round "5"]
[White "Josef"]
[Black "pawnstorm"]
[WhiteElo "1641"]
[BlackElo "1523"]
[PlyCount "53"]
[Result "1/2-1/2"]

1.Nf3 Nf6 2.g3 d5 3.d3 Bg4 4.Bg2 c6 5.b3 Qc8 6.Bb2 
Bh3 7.O-O Bxg2 8.Kxg2 e6 9.Nbd2 Be7 10.c4 O-O 
11.Rc1 Nbd7 12.cxd5 exd5 13.e3 Qc7 14.Nd4 Ne8 
15.N2f3 Bf6 16.Qc2 Ne5 17.Ba3 Nd6 18.Qe2 Nxf3 
19.Nxf3 Rfe8 20.Qc2 Nb5 21.Bb2 Qe7 22.a4 Nd6 
23.Bxf6 Qxf6 24.Qc3 Qxc3 25.Rxc3 Re7 26.Rfc1 Rae8 
27.Nd4 {(offering draw)}  1/2-1/2

[Event "HCL-C4199"]
[Site "www.playchess.de"]
[Date "2006.03.04"]
[Round "4"]
[White "Bense"]
[Black "nichju"]
[WhiteElo "1147"]
[BlackElo "1022"]
[PlyCount "62"]
[Result "0-1"]

1.e4 {Hello once again.}  e5 {Hello and good luck} 
 2.d3 Nf6 3.Nf3 Nc6 4.d4 Nxd4 5.Nxd4 exd4 6.Qxd4 
c5 7.Qd3 Be7 8.f3 O-O 9.h4 b6 10.g4 d5 11.g5 Nh5 
12.f4 c4 13.Qf3 g6 14.exd5 Bb7 15.Bxc4 Bb4+ 16.c3 
Qe7+ 17.Kf1 Bc5 18.Kg2 b5 19.Bxb5 Rad8 20.c4 f6 
21.Bd2 fxg5 22.hxg5 Rf5 23.Nc3 Bd4 24.Rae1 Qb4 
25.b3 Bxc3 26.Bxc3 Qd6 27.Rh4 Nxf4+ 28.Kh1 Rdf8 
29.Qe3 Nxd5 30.cxd5 Qxd5+ 31.Kg1 
Qg2+ 0-1

[Event "HCL-B3781"]
[Site "www.playchess.de"]
[Date "2006.03.04"]
[Round "19"]
[White "Iron_Flower"]
[Black "Jule"]
[WhiteElo "1234"]
[BlackElo "1407"]
[PlyCount "116"]
[Result "0-1"]

1.d4 {Hi, from Leeuwarden, the Netherlands}  d5 
{Hello and merry Christmas from Hamboug, Germany}  
2.c4 e6 3.Nc3 {And a happy new year}  Bb4 {Thank 
you. A happy new year for you and your family too} 
 4.Bd2 Nf6 5.Nf3 O-O 6.e3 Nbd7 7.a3 Bxc3 8.Bxc3 c6 
9.cxd5 cxd5 10.Bb5 a6 11.Ba4 b5 12.Bc2 h6 13.O-O 
Bb7 14.Qd3 Rc8 15.h3 Re8 16.Ne5 Ne4 17.f3 Nxc3 
18.Qh7+ Kf8 19.bxc3 Rxc3 20.Rac1 Rxe3 21.Ng4 Rc3 
22.Qh8+ Ke7 23.Qxg7 Rg8 24.Qxh6 Rxa3 25.Qd2 Qa5 
26.Qe2 Ra2 27.Qf2 Qc3 28.Qh4+ Kd6 29.Bh7 Qxd4+ 
30.Kh1 Rh8 31.Qg3+ e5 32.Rfd1 Rd2 33.Bc2 f5 34.Nh2 
Rh6 35.Qg7 Rf6 36.Nf1 Rxd1 37.Rxd1 Qc4 38.Ne3 Qe2 
39.Qg5 f4 40.Nxd5 Bxd5 41.Bb3 Qxd1+ 42.Bxd1 b4 
43.Ba4 Re6 44.Qd8 Bc6 45.Bxc6 Kxc6 46.Qa5 b3 
47.Qxa6+ Nb6 48.Qa3 b2 49.Qxb2 Kc5 50.Qc3+ Nc4 
51.Qb3 Rg6 52.Kh2 Rg3 53.h4 Ne3 54.Qc3+ Kd5 
55.Qd3+ Ke6 56.h5 Rxg2+ 57.Kh3 Rg3+ 58.Kh4 
Ng2+ 0-1

[Event "HCL-B3879"]
[Site "www.playchess.de"]
[Date "2006.03.04"]
[Round "11"]
[White "slavi"]
[Black "xmen"]
[WhiteElo "1534"]
[BlackElo "1433"]
[PlyCount "57"]
[Result "1-0"]

1.e4 g6 2.d4 Bg7 3.Nf3 d6 4.Nc3 Nf6 5.Bg5 O-O 
6.Qd2 Nc6 7.O-O-O e5 8.d5 Ne7 9.Bxf6 Bxf6 10.Ne2 
Bg7 11.Ne1 f5 12.f3 b5 13.Kb1 a5 14.Nd3 Bb7 15.g3 
c5 16.dxc6 Nxc6 17.a3 Nd4 18.Nxd4 exd4 19.Bg2 Qb6 
20.exf5 Rxf5 21.f4 Bxg2 22.Qxg2 Rc8 23.g4 Rff8 
24.Qd5+ Kh8 25.h4 b4 26.axb4 axb4 27.h5 Qc7 28.Rd2 
Rca8 29.hxg6 1-0

[Event "HCL-C3995"]
[Site "www.playchess.de"]
[Date "2006.03.04"]
[Round "12"]
[White "Idris"]
[Black "jlms"]
[WhiteElo "895"]
[BlackElo "1230"]
[PlyCount "82"]
[Result "1-0"]

1.e4 e5 2.d3 d6 3.Nf3 Nc6 4.Be2 Nf6 5.Be3 Be6 
6.Nc3 Be7 7.Qd2 Qd7 8.O-O Bh3 9.g3 Bxf1 10.Bxf1 h6 
11.Bg2 g5 12.Re1 g4 13.Nh4 h5 14.Nb5 a6 15.Nc3 Nd4 
16.Bxd4 exd4 17.Ne2 c5 18.Nf4 O-O-O 19.Nf5 Bf8 
20.e5 Qxf5 21.exf6 Bh6 22.Qa5 Bxf4 23.Re7 Rd7 
24.Re4 Bg5 25.Qb6 Rhd8 26.Re7 Rxe7 27.fxe7 Qd7 
28.exd8Q+ Bxd8 29.Qb3 f5 30.c4 b6 31.a4 a5 32.Qc2 
Qe6 33.b3 h4 34.gxh4 Bxh4 35.Qc1 Qe2 36.Qf1 Qxf1+ 
37.Bxf1 Kd7 38.Kg2 Ke6 39.f4 gxf3+ 40.Kxf3 Bg5 
41.Kg3 Bd2 1-0

[Event "ACL-M089"]
[Site "www.playchess.de"]
[Date "2006.03.04"]
[Round "7"]
[White "MENO"]
[Black "Beezer"]
[WhiteElo "1935"]
[BlackElo "1960"]
[PlyCount "35"]
[Result "1-0"]

1.e4 {Hi, from Paris and good game}  c6 {Hi there 
- I'm looking forward to a good game!}  2.d4 d5 
3.exd5 cxd5 4.c4 Nf6 5.Nc3 Nc6 6.Bg5 dxc4 7.Bxc4 
Qxd4 8.Qxd4 Nxd4 9.O-O-O e5 10.f4 Bg4 11.Nf3 Nxf3 
12.gxf3 Bxf3 13.fxe5 Bxh1 14.exf6 Rc8 15.Re1+ Kd7 
16.Rd1+ Ke8 17.Bd3 Bd5 18.Kb1 1-0

[Event "HCL-C4035"]
[Site "www.playchess.de"]
[Date "2006.03.04"]
[Round "5"]
[White "EdDaChed"]
[Black "O_Man"]
[WhiteElo "1079"]
[BlackElo "1156"]
[PlyCount "94"]
[Result "0-1"]

1.e4 c5 2.Bc4 d6 3.d4 cxd4 4.Qxd4 Nc6 5.Qe3 Ne5 
6.Bd5 e6 7.Bb3 Qf6 8.Nf3 Ng4 9.Qg5 h6 10.Qxg4 e5 
11.Qg3 g5 12.h3 Ne7 13.O-O b6 14.Nc3 Ng6 15.Nd5 
Qd8 16.Bd2 Be6 17.c4 Bxd5 18.cxd5 Bg7 19.Rac1 O-O 
20.Rc6 Ne7 21.Rcc1 f5 22.exf5 Nxf5 23.Qh2 b5 24.g3 
e4 25.Ne1 Bxb2 26.Rc2 Be5 27.Bc3 Bxc3 28.Rxc3 Qf6 
29.Rc6 Ne3 30.Qh1 Nxf1 31.Rc2 Nxg3 32.Qg2 Nf5 
33.a4 bxa4 34.Bxa4 Nd4 35.Rd2 Nf3+ 36.Nxf3 exf3 
37.Qf1 Qf5 38.Bc2 Qf4 39.Qd3 Qf7 40.Bd1 Rae8 
41.Bxf3 Qxf3 42.Qg6+ Kh8 43.Qxh6+ Kg8 44.Qxg5+ Kh7 
45.Qh4+ Kg7 46.Qd4+ Kg6 47.Qxa7 
Re1+ 0-1

[Event "HCL-C4127"]
[Site "www.playchess.de"]
[Date "2006.03.04"]
[Round "8"]
[White "Skipper_Robert"]
[Black "EdDaChed"]
[WhiteElo "958"]
[BlackElo "1094"]
[PlyCount "66"]
[Result "0-1"]

1.Nf3 d5 2.d4 Nf6 3.e3 Ne4 4.Bd3 Bf5 5.c3 e6 6.Qb3 
c5 7.Qxb7 Nd7 8.Qb5 Rb8 9.Qa4 Bd6 10.Qxa7 O-O 
11.Qa4 Nb6 12.Qd1 c4 13.Bxe4 dxe4 14.Nfd2 Qg5 
15.g3 Bh3 16.Nxe4 Qd5 17.f3 Bg2 18.Rg1 Bh3 19.Qc2 
Bf5 20.g4 Bg6 21.Rh1 Rba8 22.a3 Rfb8 23.Nbd2 Na4 
24.b3 cxb3 25.Qb1 b2 26.Bxb2 Nxb2 27.Ra2 Nd3+ 
28.Ke2 Rxb1 29.Rxb1 Qxa2 30.Rb3 Nc1+ 31.Kf2 Nxb3 
32.Ke2 Bxh2 33.f4 Bxe4 0-1

[Event "HCL-C4161"]
[Site "www.playchess.de"]
[Date "2006.03.04"]
[Round "4"]
[White "Skipper_Robert"]
[Black "EdDaChed"]
[WhiteElo "991"]
[BlackElo "1103"]
[PlyCount "48"]
[Result "0-1"]

1.d4 d5 2.e3 Bf5 3.Nc3 Nc6 4.Bb5 Qd6 5.Qe2 Nf6 
6.h3 Ne4 7.Nxe4 Bxe4 8.f3 Qb4+ 9.c3 Qd6 10.fxe4 
dxe4 11.Qc2 f5 12.Bxc6+ Qxc6 13.Ne2 O-O-O 14.Bd2 
e5 15.a3 exd4 16.Qc1 d3 17.Nd4 Qg6 18.Rg1 Bd6 
19.g4 h5 20.Nxf5 Qf6 21.Rf1 g6 22.Nxd6+ Qxd6 
23.Qc2 dxc2 24.Rc1 {I am dreaming}  Qxd2+ {it 
happens to the best of us}  0-1

[Event "HCL-B3808"]
[Site "www.playchess.de"]
[Date "2006.03.04"]
[Round "16"]
[White "JuliusCaesar"]
[Black "dynamike"]
[WhiteElo "1158"]
[BlackElo "1479"]
[PlyCount "110"]
[Result "0-1"]

1.e4 {Veel succes!}  c5 2.Nf3 e6 3.Nc3 Nc6 4.Bc4 
a6 5.O-O Qc7 6.d3 Nf6 7.h3 Be7 8.Be3 O-O 9.a3 Rd8 
10.Qd2 d5 11.exd5 exd5 12.Nxd5 Nxd5 13.Rfe1 Nxe3 
14.Qxe3 b5 15.Ba2 Bb7 16.Rab1 Bf6 17.Qxc5 Bd4 
18.Nxd4 Rxd4 19.Re3 Rd7 20.Rbe1 Rf8 21.Qg5 h6 
22.Qg4 Rd4 23.Qd1 Rd6 24.c3 Qd7 25.d4 Rg6 26.Kf1 
Rd8 27.Qc2 Rf6 28.Bb1 Rg6 29.Rg3 Qd6 30.Rxg6 Qxg6 
31.Qxg6 fxg6 32.Bxg6 Na5 33.Re7 Bd5 34.Ra7 Nc4 
35.b3 Nd2+ 36.Kg1 Rd6 37.Bc2 Nxb3 38.Bxb3 Bxb3 
39.Kf1 Rc6 40.Ke2 Rxc3 41.Rxa6 Kh7 42.Rb6 Bc4+ 
43.Kd2 Rxa3 44.Kc2 Ra2+ 45.Kc3 Rxf2 46.Kb4 Rxg2 
47.Kc5 Rg3 48.d5 Rg5 49.Rd6 Bf1 50.Rd8 Bxh3 
51.Kxb5 Bg2 52.Kc6 Rg6+ 53.Kc5 Rg5 54.Kc6 h5 
55.Kd6 h4 0-1

[Event "HCL-B3907"]
[Site "www.playchess.de"]
[Date "2006.03.04"]
[Round "19"]
[White "nafets_bln"]
[Black "dg"]
[WhiteElo "1281"]
[BlackElo "1243"]
[PlyCount "46"]
[Result "0-1"]

1.e4 e5 2.Nf3 d6 3.Bc4 Bg4 4.Nc3 Nc6 5.d3 Nd4 
6.Bxf7+ Kxf7 7.Ng5+ Ke8 8.Qxg4 Nxc2+ 9.Kd2 Nxa1 
10.Qe6+ Qe7 11.Nd5 Qxe6 12.Nxe6 Kd7 13.Ndxc7 Rc8 
14.Kc3 Rxc7+ 15.Nxc7 Kxc7 16.Be3 Nf6 17.Bxa7 b6 
18.a4 Kb7 19.a5 Kxa7 20.Rxa1 Be7 21.Kc4 Rc8+ 
22.Kb3 bxa5 23.Rxa5+ Kb6 0-1

[Event "HCL-A2629"]
[Site "www.playchess.de"]
[Date "2006.03.04"]
[Round "14"]
[White "hal1958"]
[Black "Matu"]
[WhiteElo "1410"]
[BlackElo "1535"]
[PlyCount "53"]
[Result "1/2-1/2"]

1.b4 {have a nice game}  Nf6 {hi and good luck}  
2.Bb2 e6 3.b5 c5 4.c4 b6 5.e3 Bb7 6.Nf3 d5 7.a4 
Nbd7 8.Be2 g6 9.O-O Bg7 10.h3 O-O 11.d3 dxc4 
12.dxc4 Qc7 13.Nbd2 Rad8 14.Qc2 Nh5 15.Bxg7 Nxg7 
16.Rad1 Ne5 17.Qc3 Nxf3+ 18.Bxf3 Bxf3 19.Nxf3 Rxd1 
20.Rxd1 Rd8 21.Rxd8+ Qxd8 22.Qd2 Qxd2 23.Nxd2 Kf8 
24.Nf3 Ke7 25.Ne5 Ne8 26.Nc6+ Kd7 27.Ne5+ 
{(offering draw)}  1/2-1/2

[Event "ACL-A647"]
[Site "www.playchess.de"]
[Date "2006.03.04"]
[Round "9"]
[White "BDG_Girl"]
[Black "PrinceKheldar"]
[WhiteElo "1772"]
[BlackElo "1900"]
[PlyCount "49"]
[Result "1-0"]

1.d4 {Hello and good luck!}  Nf6 2.Nc3 d5 3.e4 
dxe4 4.f3 exf3 5.Nxf3 Bg4 6.h3 Bh5 7.g4 Bg6 8.Ne5 
c6 9.Nxg6 hxg6 10.Bg2 e6 11.g5 Nd5 12.Nxd5 cxd5 
13.c4 Bb4+ 14.Kf2 Nc6 15.cxd5 exd5 16.Qb3 O-O 
17.Be3 Qe7 18.a3 {Merry Christmas and may God 
Bless you and your family!}  Ba5 {Thanks, and the 
same to you and yours!}  19.Rad1 Rad8 20.h4 Qe6 
21.h5 Bb6 22.Qd3 f6 23.Kg1 fxg5 24.Rh2 Bc7 
25.Rh1 1-0

[Event "HCL-M896"]
[Site "www.playchess.de"]
[Date "2006.03.04"]
[Round "10"]
[White "Still_Life"]
[Black "AJT"]
[WhiteElo "2084"]
[BlackElo "1965"]
[PlyCount "31"]
[Result "1/2-1/2"]

1.c4 {We meet again ... and so soon! ;) 

David}  e5 {Indeed :) Sooner then expected. All 
the best. Michel}  2.g3 Nf6 3.Bg2 c6 4.d4 exd4 
5.Qxd4 d5 6.cxd5 cxd5 7.Nf3 Nc6 8.Qd3 Bc5 9.O-O 
O-O 10.Bg5 h6 11.Bxf6 Qxf6 12.Nc3 Rd8 13.Nxd5 Qxb2 
14.a3 Kh8 15.Rfb1 Ne5 16.Rxb2 {(offering draw)} 
 1/2-1/2

[Event "HCL-M896"]
[Site "www.playchess.de"]
[Date "2006.03.04"]
[Round "8"]
[White "anne_t"]
[Black "AJT"]
[WhiteElo "1980"]
[BlackElo "1965"]
[PlyCount "38"]
[Result "1/2-1/2"]

1.e4 {Hoi! Veel plezier!}  e5 {dank je en jij ook 
:)}  2.Nf3 Nc6 3.Nc3 Nf6 4.Bb5 Bb4 5.O-O O-O 6.d3 
d6 7.Bg5 Bxc3 8.bxc3 Qe7 9.Re1 Nd8 10.d4 Ne6 
11.Bc1 c5 12.a4 Nc7 13.Bf1 Bg4 14.h3 Bh5 15.Bd3 b6 
16.Bb2 Rad8 17.d5 a6 18.Bf1 Bg6 19.Nd2 Qd7 
{(offering draw)}  1/2-1/2

[Event "HCL-B3862"]
[Site "www.playchess.de"]
[Date "2006.03.04"]
[Round "20"]
[White "garden"]
[Black "Gilt"]
[WhiteElo "1164"]
[BlackElo "1335"]
[PlyCount "70"]
[Result "0-1"]

1.e4 c5 {Hi there!}  2.Bc4 e6 3.Nc3 {Hi from Sao 
Paulo, Brazil!}  Nc6 {Hi from Moscow, Russia. (we 
already played together m-m.. half year ago :)}  
4.Nf3 a6 5.O-O {gee, i am playing against a 
russian!!! I am definitely going to loose!}  d5 
{:-) Oh, it's different view than my. :)}  6.Bd3 
d4 7.Ne2 e5 8.c4 Nf6 9.Bc2 d3 10.Bxd3 Qxd3 11.b3 
Nxe4 12.Ne1 Qd6 13.d3 Nf6 14.Bb2 Be7 15.h3 O-O 
16.Nf3 b5 17.Nc3 Bb7 18.cxb5 Nb4 19.bxa6 Bxa6 
20.Na4 Nxd3 21.Qc2 Nxb2 22.Qxb2 Bxf1 23.Kxf1 e4 
24.Nd2 Qf4 25.g3 Qf5 26.Nc4 Qf3 27.Ne5 Qh1+ 28.Ke2 
Qxh3 29.Nc6 Qe6 30.Ne5 Ng4 31.Nc4 Bf6 32.Nxc5 Qf5 
33.Qc1 Qxf2+ 34.Kd1 Rad8+ {:)}  35.Nd2 
Ne3+ 0-1